The transformation of an ancient Egyptian narrative : P. Sallier III and the battle of Kadesh

Αποθηκεύτηκε σε:
Λεπτομέρειες βιβλιογραφικής εγγραφής
Κύριος συγγραφέας: Spalinger, Anthony John
Μορφή: Βιβλίο
Γλώσσα:English
Δημοσίευση: Wiesbaden : Harrassowitz, 2002
Σειρά:Gottinger Orientforschungen. Agypten ; ; 40; IV. Reihe
Θέματα:
Ετικέτες: Προσθήκη ετικέτας
Δεν υπάρχουν, Καταχωρήστε ετικέτα πρώτοι!

MARC

LEADER 00000nam a2200000 i 4500
001 1/77568
008 080317s2002 eng d
020 |a 3-447-04355-5 
035 |l 10095494 
040 |a GR-MY-UA  |b gre  |e aacr 
041 0 |a eng 
082 0 |a 893.1  |2 (22) 
100 1 |a Spalinger, Anthony John. 
245 1 4 |a The transformation of an ancient Egyptian narrative :  |b P. Sallier III and the battle of Kadesh /  |c Anthony J. Spalinger 
260 |a Wiesbaden :   |b Harrassowitz,   |c 2002 
300 |a xiii, 389 σ.;  |c 24 εκ. 
490 1 |a Gottinger Orientforschungen. Agypten  |v ; 40; IV. Reihe 
504 |a Βιβλιογραφία: σ. [367]-372. Ευρετήριο 
630 0 0 |a Papyrus Sallier III. 
650 0 0 |a Kadesh, Battle of, Kadesh, ca. 1300 B.C.  |x Poetry  |x History and criticism. 
650 0 0 |a Egyptian literature. 
651 0 |a Egypt  |x Antiquities. 
830 0 |a Gottinger Orientforschungen. Agypten ;  |v ; 40; IV. Reihe 
852 |a INST  |b RHODES  |e 20080317  |h 893.1 SPA  |p 005400029723  |q 005400029723  |t BK  |y 0 
901 |a BIBL4-2008-1 
909 |a Ρ  |b 151035 
922 |a 4ΕΛΗ  |b 200802  |c ΕΠΕΑΕΚ2/ΤΜΣ  |d ΕΛΕΥΘΕΡΟΥΔΑΚΗΣ 
970 |a ΧΑΡΙΟΠΟΛΙΤΟΥ  |b ΚΩΝΣΤΑΝΤΙΝΑ  |z 2008/03/17